000 00422nam a22001697a 4500
003 MACL
005 20160207122854.0
008 160207b xxu||||| |||| 00| 0 eng d
040 _cMACL
041 _aEnglish
082 _a300/GIL
100 _aGill Rajbans Singh
_937268
245 _aEmpowering The Dalits
260 _aChandigarh
_bAbhishek Publications
_c2011
650 _aSocilalism
_937269
942 _2ddc
_cBK
999 _c53250
_d53250